Movies Quiz

Random Movies or Director Quiz

Directors that Jack Nicholson has worked with Quiz Stats

 Plays Quiz not verified by Sporcle

Challenge
Share
Tweet
Embed
Score 0/40 Timer 10:00
0 Plays Today
Number of films made Director % Correct
1Stanley Kubrick
95%
1Roman Polanski
93.3%
1Martin Scorsese
88.3%
1Milos Forman
86.7%
2Tim Burton
85%
1Warren Beatty
83.3%
4James L. Brooks
76.7%
1John Huston
73.3%
2Himself
73.3%
1Dennis Hopper
70%
4Mike Nichols
66.7%
2Sean Penn
65%
1Arthur Penn
63.3%
2Rob Reiner
63.3%
1Alexander Payne
56.7%
3Roger Corman
55%
1Danny DeVito
51.7%
5Bob Rafelson
46.7%
1Hal Ashby
35%
1Michelangelo Antonioni
35%
Number of films made Director % Correct
1Ken Russell
31.7%
1Nancy Meyers
25%
4Monte Hellman
23.3%
1Elia Kazan
21.7%
1George Miller
18.3%
1Hector Babenco
10%
10%
10%
1Henry Jaglom
8.3%
1Peter Segal
8.3%
2Richard Rush
6.7%
1Vincente Minelli
5%
1Tony Richardson
5%
1Harvey Berman
3.3%
1Jus Addiss
1.7%
1Irving Lerner
1.7%
1John A. Bushelman
1.7%
1Joshua Logan
1.7%
1Martin B. Cohen
1.7%
1Robert Harlign
0%

You're not logged in!

Compare scores with friends on all Sporcle quizzes.
Join for Free
OR
Log In

You Might Also Like...

Show Comments

Extras

Top Quizzes Today


Score Distribution

Your Account Isn't Verified!

In order to create a playlist on Sporcle, you need to verify the email address you used during registration. Go to your Sporcle Settings to finish the process.

Report this User

Report this user for behavior that violates our Community Guidelines.

Details: